<?xml version="1.0" encoding="UTF-8"?>
<record
    xmlns:xsi="http://www.w3.org/2001/XMLSchema-instance"
    xsi:schemaLocation="http://www.loc.gov/MARC21/slim http://www.loc.gov/standards/marcxml/schema/MARC21slim.xsd"
    xmlns="http://www.loc.gov/MARC21/slim">

  <leader>03068nam a2200385Ii 4500</leader>
  <controlfield tag="001">DIGBIN02004</controlfield>
  <controlfield tag="003">NyNyDIG</controlfield>
  <controlfield tag="006">m     o  d        </controlfield>
  <controlfield tag="007">cr |||||||||||</controlfield>
  <controlfield tag="008">100625s2009    sp a    ob    000 0 spa d</controlfield>
  <datafield tag="020" ind1=" " ind2=" ">
    <subfield code="z">8497429265</subfield>
  </datafield>
  <datafield tag="020" ind1=" " ind2=" ">
    <subfield code="z">9788497429269</subfield>
  </datafield>
  <datafield tag="035" ind1=" " ind2=" ">
    <subfield code="a">(OCoLC)888256694</subfield>
  </datafield>
  <datafield tag="040" ind1=" " ind2=" ">
    <subfield code="a">DGITA</subfield>
    <subfield code="b">eng</subfield>
    <subfield code="e">pn</subfield>
    <subfield code="c">DGITA</subfield>
  </datafield>
  <datafield tag="050" ind1="1" ind2="4">
    <subfield code="a">HM851 eBook</subfield>
  </datafield>
  <datafield tag="100" ind1="1" ind2=" ">
    <subfield code="a">Moreno Castro, Carolina.</subfield>
  </datafield>
  <datafield tag="245" ind1="1" ind2="0">
    <subfield code="a">Comunicar los riesgos  :</subfield>
    <subfield code="b">ciencia y tecnolog&#xED;a en la sociedad de la informaci&#xF3;n /</subfield>
    <subfield code="c">Carolina Moreno Castro (editora).</subfield>
  </datafield>
  <datafield tag="264" ind1=" " ind2="1">
    <subfield code="a">Madrid :</subfield>
    <subfield code="b">Biblioteca Nueva,  </subfield>
    <subfield code="c">2009.</subfield>
  </datafield>
  <datafield tag="300" ind1=" " ind2=" ">
    <subfield code="a">1 online resource (345 pages)</subfield>
  </datafield>
  <datafield tag="336" ind1=" " ind2=" ">
    <subfield code="a">text</subfield>
    <subfield code="b">txt</subfield>
    <subfield code="2">rdacontent</subfield>
  </datafield>
  <datafield tag="337" ind1=" " ind2=" ">
    <subfield code="a">computer</subfield>
    <subfield code="b">c</subfield>
    <subfield code="2">rdamedia</subfield>
  </datafield>
  <datafield tag="338" ind1=" " ind2=" ">
    <subfield code="a">online resource</subfield>
    <subfield code="b">cr</subfield>
    <subfield code="2">rdacarrier</subfield>
  </datafield>
  <datafield tag="490" ind1="1" ind2=" ">
    <subfield code="a">Educaci&#xF3;n, ciencia y cultura ;</subfield>
    <subfield code="v">4.</subfield>
  </datafield>
  <datafield tag="504" ind1=" " ind2=" ">
    <subfield code="a">Includes bibliographical references (p. 207-215).</subfield>
  </datafield>
  <datafield tag="505" ind1="0" ind2=" ">
    <subfield code="a">Pr&#xF3;logo / Emilio Mu&#xF1;oz - Introducci&#xF3;n / Carolina Moreno -- La comunicaci&#xF3;n del riesgo: las lecciones del pasado y los desaf&#xED;os del presente / Bruna De-Marchi -- El riesgo sanitario en la sociedad medieval / Mercedes Gallent Marco -- Energ&#xED;a nuclear en argentina: opini&#xF3;n p&#xFA;blica y riesgo percibido / Carmelo Polino y Mar&#xED;a Eugenia Fazio -- La comunicaci&#xF3;n del riesgo en las crisis alimentarias / Monta&#xF1;a C&#xE1;mara Hurtado -- Discursos y pr&#xE1;cticas en el proceso de comunicaci&#xF3;n de riesgo petroqu&#xED;mico / Jordi Farr&#xE9; Coma y Juan Luis Gonzalo Iglesia -- El principio de precauci&#xF3;n en la comunicaci&#xF3;n del riesgo / Carolina Moreno -- Castro y Jos&#xE9; Luis Luj&#xE1;n L&#xF3;pez -- Las dimensiones sociales del conocimiento experto del riesgo / Stephen Hilgartner -- La comunicaci&#xF3;n de los riesgos de los medicamentos / Francisco J. Morales-Olivas -- Riesgo, incertidumbre y medios de comunicaci&#xF3;n / Enrique Gil Calvo -- La violencia terrorista como situaci&#xF3;n de crisis y su tratamiento a trav&#xE9;s de los medios de comunicaci&#xF3;n / Guillermo L&#xF3;pez Garc&#xED;a -- Periodismo de cat&#xE1;strofes: la actualidad informativa como fuente de incertidumbres / Carlos Lozano Ascencio -- Los efectos de los medios de comunicaci&#xF3;n en los estudiantes universitarios. la gripe aviaria como estudio de caso / Ram&#xF3;n Cama&#xF1;o Puig -- In-comunicando el riesgo / Ram&#xF3;n J. Moles Plaza y Anna Garc&#xED;a Hom -- La informaci&#xF3;n sanitaria y los discursos medi&#xE1;ticos / Jos&#xE9; Mar&#xED;a Bernardo Paniagua y Nel&#x2022;lo Pellisser Rossell -- Gesti&#xF3;n de la comunicaci&#xF3;n de crisis: perspectivas / Jes&#xFA;s Timoteo &#xC1;lvarez -- Ciencia, precauci&#xF3;n y evaluaci&#xF3;n de riesgos: hacia un debate pol&#xED;tico m&#xE1;s constructivo / Andrew Stirling -- Sobre los autores.</subfield>
  </datafield>
  <datafield tag="650" ind1=" " ind2="0">
    <subfield code="a">Information society</subfield>
  </datafield>
  <datafield tag="650" ind1=" " ind2="0">
    <subfield code="a">Communication and technology</subfield>
  </datafield>
  <datafield tag="655" ind1=" " ind2="0">
    <subfield code="a">Electronic books.</subfield>
  </datafield>
  <datafield tag="791" ind1="2" ind2=" ">
    <subfield code="a">Digitalia (Firm),</subfield>
    <subfield code="e">distributor.</subfield>
  </datafield>
  <datafield tag="830" ind1=" " ind2="0">
    <subfield code="a">Educaci&#xF3;n, ciencia y cultura  (Biblioteca Nueva (Firm)) ;</subfield>
    <subfield code="v">4.</subfield>
  </datafield>
  <datafield tag="793" ind1="0" ind2=" ">
    <subfield code="g">Digitalia eBook Collection:</subfield>
    <subfield code="a">Biblioteca Nueva</subfield>
  </datafield>
  <datafield tag="856" ind1="4" ind2="0">
    <subfield code="3">Digitalia Hisp&#xE1;nica</subfield>
    <subfield code="u">https://www.digitaliapublishing.com/a/6303/</subfield>
  </datafield>
  <datafield tag="910" ind1=" " ind2=" ">
    <subfield code="a">Premium Collection: 2007-2012</subfield>
  </datafield>
  <datafield tag="942" ind1=" " ind2=" ">
    <subfield code="c">RAA</subfield>
  </datafield>
  <datafield tag="952" ind1=" " ind2=" ">
    <subfield code="0">0</subfield>
    <subfield code="1">0</subfield>
    <subfield code="4">0</subfield>
    <subfield code="7">0</subfield>
    <subfield code="8">DEH</subfield>
    <subfield code="a">BD-UIN</subfield>
    <subfield code="b">BD-UIN</subfield>
    <subfield code="d">2025-04-25</subfield>
    <subfield code="l">0</subfield>
    <subfield code="r">2025-04-25</subfield>
    <subfield code="w">2025-04-25</subfield>
    <subfield code="y">RAA</subfield>
  </datafield>
  <datafield tag="999" ind1=" " ind2=" ">
    <subfield code="c">231525</subfield>
    <subfield code="d">231525</subfield>
  </datafield>
</record>
